Normal view
MARC view
Entry Nombre corporativo
001 - NÚMERO DE CONTROL
- campo de control: 19649
003 - IDENTIFICADOR DEL NÚMERO DE CONTROL
- campo de control: OSt
005 - FECHA Y HORA DE LA ÚLTIMA TRANSACCIÓN
- campo de control: 20230306100131.0
008 - DATOS DE LONGITUD FIJA
- campo de control de longitud fija: 200615|| aca||aabn | a|a d
040 ## - FUENTE DE LA CATALOGACIÓN
- Centro catalogador/agencia de origen: DO-SdBNP
- Lengua de catalogación: spa
- Centro/agencia transcriptor: BNPHU
110 1# - ENCABEZAMIENTO-NOMBRE DE ENTIDAD CORPORATIVA
- Nombre de entidad corporativa o nombre de jurisdicción como elemento de entrada: Fundación Institucionalidad y Justicia
370 ## - LUGAR ASOCIADO
- Lugar de nacimiento: República Dominicana
377 ## - LENGUA/LENGUAJE ASOCIADO
- Código del idioma: spa
410 2# - TRAZADO DE VÉASE--NOMBRE DE ENTIDAD CORPORATIVA
- Nombre de entidad corporativa o nombre de jurisdicción como elemento de entrada: FINJUS
670 ## - FUENTE DE DATOS ENCONTRADOS
- Cita de la fuente: Work cat.: (OSt)6850: Principales convenios sobre arbitraje comercial internacional., 2002.
670 ## - FUENTE DE DATOS ENCONTRADOS
- Cita de la fuente: Colección Documentos jurídicos ; no. 2. Del embargo retentivo sus posibles efectos futuros, c1993:
- Información encontrada: (Fundación Institucionalidad y Justicia, Inc.)
670 ## - FUENTE DE DATOS ENCONTRADOS
- Cita de la fuente: Por un estado eficiente y transparente, c2007:
- Información encontrada: (FINJUS, Fundación Institucionalidad y Justicia)
670 ## - FUENTE DE DATOS ENCONTRADOS
- Cita de la fuente: La trata y tráfico de personas en la prensa escrita dominicana, julio 2006: |
- Información encontrada: (FINJUS, Fundación Institucionalidad y Justicia, inc.)
